| 000 | 00790nam a2200241Ia 4500 | ||
|---|---|---|---|
| 003 | OSt | ||
| 005 | 20220923223444.0 | ||
| 006 | a|||||r|||| 00| 0 | ||
| 007 | ta | ||
| 008 | 220922b |||||||| |||| 00| 0 hin d | ||
| 024 | _a216,003 | ||
| 037 | _cTextual | ||
| 040 |
_aARTS _cARTS _bhin |
||
| 041 |
_2hin _ahin |
||
| 082 | _aYxM91, 152N3 | ||
| 100 |
_aजाटव, डी आर _9159218 |
||
| 245 | 0 | _aअम्बेडकर का मानववादी चिन्तन | |
| 246 | _aAmbeḍakar kā mānavavādī chintana | ||
| 260 |
_aजयपुर _b समता साहित्य सदन प्रकाशन _c1993 |
||
| 300 |
_a90 पृ. _ccm. |
||
| 942 |
_hYxM91, 152N3 _cTEXL _2CC |
||
| 999 |
_c365447 _d365447 |
||